Delhi (Record no. 2041)

MARC details
000 -LEADER
fixed length control field 00691 a2200217 4500
010 ## - LIBRARY OF CONGRESS CONTROL NUMBER
LC control number ENG-85327
020 ## - INTERNATIONAL STANDARD BOOK NUMBER
International Standard Book Number 8187358297
Terms of availability 220.00
035 ## - SYSTEM CONTROL NUMBER
System control number EN-68860
037 ## - SOURCE OF ACQUISITION
Source of stock number/acquisition D.B.Act / Ven
082 14 - DEWEY DECIMAL CLASSIFICATION NUMBER
Classification number 954.16
090 ## - LOCALLY ASSIGNED LC-TYPE CALL NUMBER (OCLC); LOCAL CALL NUMBER (OCLC)
-- 2076
-- 2076
245 1# - TITLE STATEMENT
Title Delhi
Statement of responsibility, etc edited by Upinder Singh
Remainder of title ancient history
260 ## - PUBLICATION, DISTRIBUTION, ETC. (IMPRINT)
Place of publication, distribution, etc New Delhi
Name of publisher, distributor, etc Social Science Press
Date of publication, distribution, etc 2005.
270 ## - ADDRESS
Address 69, Jor bagh
City New Delhi
Postal code 110 063
300 ## - PHYSICAL DESCRIPTION
Extent xxiv, 227 p.
Dimensions 22 cm. (Pbk.)
490 ## - SERIES STATEMENT
Series statement Reading in History
500 ## - GENERAL NOTE
General note Includes index
710 ## - ADDED ENTRY--CORPORATE NAME
Corporate name or jurisdiction name as entry element Singh, Upinder
942 ## - ADDED ENTRY ELEMENTS (KOHA)
Institution code [OBSOLETE] dpl
Koha item type English Books
Call number prefix 954.16 / DEL
Holdings
Withdrawn status Lost status Source of classification or shelving scheme Damaged status Not for loan Home library Current library Date acquired Cost, normal purchase price Total Checkouts Barcode Date last seen Uniform Resource Identifier Cost, replacement price Price effective from Koha item type
    Dewey Decimal Classification     D.B.Act.Division D.B.Act.Division 05/08/2009 220.00   EN-68860 15/09/2008 2157 220.00 15/09/2008 English Books

© Delhi Public Library
Hit Counter
free hit counter